Flag quizz - Statistics

General Stats
  • This quiz has been taken 38 times
  • The average score is 9 of 16
Answer Stats
Picture Answer % Correct
India
92%
Belgium
88%
Pakistan
79%
Colombia
75%
Turkey
75%
Kosovo
71%
Croatia
67%
Ethiopia
63%
Laos
54%
Phillipines
46%
San Marino
46%
Botswana
38%
Burundi
38%
Mozambique
38%
Myanmar
38%
Oman
33%
No matching quizzes found
Score Distribution
Percent of People with Each Score
Percentile by Number Answered
Your Score History
You have not taken this quiz